Problemy Razvitija teorii upravlenija socialističeskim proizvodstvom

Gespeichert in:
Bibliographische Detailangaben
Format: Buch
Sprache:Russisch
Veröffentlicht: Leningrad Universitet 1989
Ausgabe:2. dopoln. pererab. izd.
Tags: Tag hinzufügen
Keine Tags, Fügen Sie das erste Tag hinzu!

MARC

LEADER 00000nam a2200000 4500
001 c034394
005 20250110091045.2
041 0 |a rus 
044 |a RU 
245 1 0 |a Problemy Razvitija teorii upravlenija socialističeskim proizvodstvom  |c Jurij Aleksandrovič Lavrikov, Eduerd Bronislavovič Korickij 
250 |a 2. dopoln. pererab. izd. 
264 1 |a Leningrad  |b Universitet  |c 1989 
300 |a 271 s.